Normal view
MARC view
- MUSIC / History & Criticism
Entry Topical Term
001 - CONTROL NUMBER
- control field: 120744
003 - CONTROL NUMBER IDENTIFIER
- control field: NUST
005 - DATE AND TIME OF LATEST TRANSACTION
- control field: 20240220100826.0
008 - FIXED-LENGTH DATA ELEMENTS
- fixed length control field: 240220|| aca||aabn | a|a d
040 ## - CATALOGING SOURCE
- Original cataloging agency: NUST
- Transcribing agency: NUST
150 ## - HEADING--TOPICAL TERM
- Topical term or geographic name entry element: MUSIC / History & Criticism
670 ## - SOURCE DATA FOUND
- Source citation: Work cat.: (NUST): Kanekar, Aarati. 120741, Architecture's pretexts :, 2015.
